[Event "Ustron op-C"]
[Site "Ustron"]
[Date "2021.08.14"]
[Round "1"]
[White "Dylong, Antoni"]
[Black "Wolniewicz, Mateusz"]
[Result "1-0"]
[WhiteElo "1568"]
[BlackElo "1207"]
[PlyCount "37"]
[EventDate "2021.08.13"]
[EventType "swiss"]
[EventRounds "9"]
[EventCountry "POL"]
[SourceTitle "EXT 2022"]
[Source "ChessBase"]
[SourceDate "2021.10.06"]
[SourceVersion "1"]
[SourceVersionDate "2021.10.06"]
[SourceQuality "1"]

1. e4 e6 2. d4 d5 3. exd5 exd5 4. Nf3 Nf6 5. Bd3 Bg4 6. 0-0 Be7 7. c3 0-0 8. Nbd2 c6 9. Qc2 Nbd7 10. Ne5 Be6 11. f4 Qb6 12. Ndf3 c5 13. Kh1 Bd6 14. f5 cxd4 15. cxd4 Bxe5 16. dxe5 Ng4 17. fxe6 Rac8 18. exf7+ Kh8 19. Qe2 1-0